Escudos Selecciones Europa - Estadísticas

Estadísticas generales
  • Esta prueba ha sido intentada 81 veces
  • La puntuación promedio es 45 de 56
Estadísticas de respuestas
Imagen Respuesta % Correcto
Bosnia
100%
Francia
100%
Albania
99%
Grecia
99%
Alemania
96%
Belgica
96%
España
95%
Finlandia
93%
Chipre
92%
Inglaterra
92%
Dinamarca
89%
Escocia
89%
Eslovaquia
89%
Eslovenia
89%
Rumania
89%
Bulgaria
88%
Gibraltar
88%
Israel
88%
Italia
88%
Malta
88%
Noruega
88%
Portugal
88%
Suecia
88%
Armenia
86%
Croacia
86%
Gales
86%
Irlanda del Norte
86%
Liechtenstein
86%
Rusia
86%
Turquia
86%
Ciudad Del Vaticano
85%
Holanda
85%
Kazajistan
85%
Ucrania
85%
Montenegro
84%
Austria
81%
Polonia
81%
Andorra
78%
Moldavia
78%
Hungria
77%
Suiza
74%
Republica Checa
73%
Macedonia
72%
Irlanda
69%
San Marino
66%
Azerbaiyan
59%
Serbia
59%
Estonia
58%
Kosovo
58%
Bielorrusia
57%
Islandia
57%
Luxemburgo
50%
Letonia
49%
Lituania
49%
Georgia
41%
Islas Feroe
38%
No se encontraron pruebas coincidentes
Distribución de puntuación
Porcentaje de gente con cada puntuación
Porcentaje por número respondido
Historial de tus puntuaciones
No has intentado esta prueba.